| Tag |
First Indicator |
Second Indicator |
Subfields |
| LEADER |
00000cam a22000008a 4500 |
| 001 |
in00000071215 |
| 005 |
20151008062117.0 |
| 008 |
801113s1981 nyua b 00110 engm |
| 010 |
|
|
|a 80083714
|
| 020 |
|
|
|a 0029164400
|
| 035 |
|
|
|a (OCoLC)07007852
|
| 035 |
|
|
|9 AAJ9542AM
|
| 040 |
|
|
|a DLC
|c DLC
|d m.c.
|d TXA
|d UtOrBLW
|
| 049 |
|
|
|a TXAM
|c [800458]
|
| 050 |
0 |
0 |
|a BF432.A1
|b J47
|
| 082 |
0 |
|
|a 153.9/2
|2 19
|
| 100 |
1 |
|
|a Jensen, Arthur Robert.
|
| 245 |
1 |
0 |
|a Straight talk about mental tests /
|c Arthur R. Jensen.
|
| 263 |
|
|
|a 8103
|
| 264 |
|
1 |
|a New York, N.Y. :
|b Free Press,
|c [1981]
|
| 264 |
|
4 |
|c ©1981
|
| 300 |
|
|
|a xiv, 269 pages :
|b illustrations ;
|c 25 cm.
|
| 336 |
|
|
|a text
|b txt
|2 rdacontent
|
| 337 |
|
|
|a unmediated
|b n
|2 rdamedia
|
| 338 |
|
|
|a volume
|b nc
|2 rdacarrier
|
| 500 |
|
|
|a Includes index.
|
| 504 |
|
|
|a Bibliography: pages 260-262.
|
| 650 |
|
0 |
|a Intelligence levels.
|
| 650 |
|
0 |
|a Intelligence tests.
|
| 650 |
|
0 |
|a Nature and nurture.
|
| 999 |
|
|
|a MARS
|
| 999 |
f |
f |
|s e2f6d740-a200-3fb5-af2b-423be3d63756
|i 396602a4-fcae-3e50-8d99-8da4bf1ca72c
|t 0
|
| 952 |
f |
f |
|p ric
|a Texas A&M University
|b Rellis Campus
|c Joint Library Facility
|d Remote Storage
|t 0
|e BF432.A1 J47
|h Library of Congress classification
|i unmediated -- volume
|m A14806087196
|
| 998 |
f |
f |
|a BF432.A1 J47
|t 0
|l Remote Storage
|